|
|
|
|
| LEADER |
00000nam0a2200000 4500 |
| 001 |
364272 |
| 005 |
20231102011655.0 |
| 035 |
|
|
|a (RuTPU)RU\TPU\retro\21630
|
| 090 |
|
|
|a 364272
|
| 100 |
|
|
|a 20211111d1980 km y0rusy50 ca
|
| 101 |
0 |
|
|a rus
|
| 102 |
|
|
|a UA
|
| 105 |
|
|
|a a z 001zy
|
| 200 |
1 |
|
|a Физика конденсированного состояния
|e сборник научных трудов
|f Киевский государственный педагогический институт ; под ред. В. П. Дущенко
|
| 210 |
|
|
|a Киев
|c Изд-во КГПИ
|d 1980
|
| 215 |
|
|
|a 120 с.
|c ил.
|
| 320 |
|
|
|a Библиогр. в конце ст.
|
| 606 |
1 |
|
|a Физика конденсированного состояния
|2 stltpush
|3 (RuTPU)RU\TPU\subj\71146
|9 85182
|
| 610 |
1 |
|
|a экспериментальные исследования
|
| 610 |
1 |
|
|a структура
|
| 610 |
1 |
|
|a электрические свойства
|
| 610 |
1 |
|
|a оптические свойства
|
| 610 |
1 |
|
|a механические свойства
|
| 610 |
1 |
|
|a полупроводники
|
| 610 |
1 |
|
|a ферриты
|
| 610 |
1 |
|
|a металлы
|
| 675 |
|
|
|a 538.9
|v 4
|
| 702 |
|
1 |
|a Дущенко
|b В. П.
|4 340
|
| 712 |
0 |
2 |
|a Киевский государственный педагогический институт
|c (1933-1993)
|2 stltpush
|3 (RuTPU)RU\TPU\col\11800
|9 25255
|
| 801 |
|
1 |
|a RU
|b 63413507
|c 20211111
|
| 942 |
|
|
|c BK
|